Country duety

Corporate Author: Gram (hudební skupina)
Other Authors: Martinová, Věra, 1960-, Matoušek, Mirek, Maršálková, Helena, 1950-, Brontosauři (hudební skupina), Akáty (hudební skupina)
Language: Czech
Published: Praha : Multisonic, p2003
Physical Description: 1 zvuková deska : digital ; 12 cm + 1 leták (12 x 24 cm)
Audio
Saved in:
LEADER 01876njm a2200397 a 4500
001 000676222
003 CZ BrMZK
005 20030707130502.0
007 sd fsngnnmmned
008 030702s2003 xr cy f cze d
028 0 1 |a 31 0603-2 331  |b Multisonic 
040 |a BOA001  |b cze 
047 |a cy 
048 |a od  |b vu 
080 |a 785.16  |2 MRF 
080 |a (086.7)  |2 MRF 
245 0 0 |a Country duety  |h [zvukový záznam] 
260 |a Praha :  |b Multisonic,  |c p2003 
300 |a 1 zvuková deska :  |b digital ;  |c 12 cm +  |e 1 leták (12 x 24 cm) 
500 |a Kompilace 
500 |a Kompaktní deska 
505 0 0 |t Pojď mě krásně hřát --  |t Laredo --  |t Bowery street --  |t Pojď, děvče --  |t Jak víš --  |t Kdyby nám vládli andělé --  |t Votrhanej chlap --  |t Krutá válka --  |t Texaská patrola --  |t Nebudeme doma --  |t Táhnu se jak těsto štrůdlu --  |t Džínová láska --  |t U Karlových Var --  |t Až půjdeš spát --  |t Tam kam vlaky dojedou --  |t Nejde zapomenout --  |t Zase praská v krbu dříví --  |t Pikovický pacifik --  |t Princové --  |t Je to fajn --  |t Štěchovický valčík --  |t Pojď se mnou dál --  |t Dobrá i špatná 
511 0 |a Gram; Brontosauři; Akáty ... [et al.] 
511 0 |a Zpívají: Věra Martinová, Martin Matoušek, Helena Maršálková ... [et al.] 
650 0 7 |a country písně  |7 ph119261  |2 czenas 
655 4 |a country 
655 4 |a populární hudba 
700 1 |a Martinová, Věra,  |d 1960-  |7 jn20000401740  |4 prf 
700 1 |a Matoušek, Mirek  |7 mzk2003190826  |4 prf 
700 1 |a Maršálková, Helena,  |d 1950-  |7 mzk2003190827  |4 prf 
710 2 |a Gram (hudební skupina)  |7 ko2003162272 
710 2 |a Brontosauři (hudební skupina)  |7 ko2002102045 
710 2 |a Akáty (hudební skupina)  |7 kn20010709230 
910 |a BOA001  |b CD-0011.078 
990 |a AV 
996 6 |b 261H012128  |c CD-0011.078  |l MZK  |r Sklad / do 24 hodin  |n 0  |w 000676222  |u 000010  |a 1  |e BOA001  |j MZK50  |s P